Quizzes
Events
Quiz Creation
Community
Videos
Private Events
Remove Ads
Sign In
Join for FREE
Feedback
Dark Mode
Quiz Categories
Sports
Geography
Music
Movies
Television
Just For Fun
Miscellaneous
History
Literature
Language
Science
Gaming
Entertainment
Religion
Holiday
For Kids
Quiz Lab
Recent
Popular Today
Quiz Kudos Today
Editor Picks
Curator Picks
Quizzes by...
Day
Popularity
Type
Ratings
Length
Year
Community
Subscriptions
Recent Discussions
Orange Saloon
Badges
Playlists
Quests
Create
Leaderboards
Showdown
Live 5
Trivia Bingo
Activity
Puzzle Library
Sporcle Events
Private Events
Virtual Trivia
Globe League
Become a Host
Pub Owners
SporcleCon
Opinionation
Our Games
Videos
Blog
Mobile Apps
Partnerships
Remove Ads and Go Orange
Feedback
Music
Pop Music
The Beatles
Song
Album
Lyrics
Bands
Singers
Artist
Clip
Rock
Rap
Classical
Billboard
Country Music
Kpop
Taylor Swift
Music
Pop Music
The Beatles
Song
Album
Lyrics
Bands
Singers
Artist
Clip
Rock
Rap
Classical
Billboard
Country Music
Kpop
Taylor Swift
Random Quiz
Search Sporcle
×
Quiz Lab
Quiz Lab
Music
Song
Type in answers that appear in a list
Type in answers that appear in a list
Classic
Best Score? Go Orange.
Shakira songs Stats
Can you name all the songs recorded by Shakira?
By
cinnabun
15m
139 Questions
152 Plays
152 Plays
152 Plays
Comments
Comments
Give Quiz Kudos
Give Quiz Kudos
-
- Ratings
hide this ad
Replay
Link that replays current quiz
Next Quiz
Link to next quiz in quiz playlist
You Got
0%
They Got
Avg Score
44%
Avg Friend Score
Upgrade to see
Score Distribution
Jump to the score distribution portion of the page
Score
0/139
Timer
15:00
0
Plays Today
Album
Song
% Correct
Oral Fixation, Vol. 2
Hips Don't Lie
88.2%
She Wolf
She Wolf
85.5%
Sale el Sol
Loca
83.6%
Sale el Sol
Loca
83.6%
Shakira
Can't Remember to Forget You
83.6%
Pies Descalzos
Pies Descalzos, Sueños Blancos
78.9%
Laundry Service
Whenever Wherever
78.9%
Collaborations
Beautiful Liar
78.9%
Sale el Sol
Waka Waka
75.7%
Fijación Oral, Vol. 1
La Tortura
75%
Sale el Sol
Rabiosa
73.7%
Sale el Sol
Rabiosa
73.7%
Magia
Magia
73%
Sale el Sol
Sale el Sol
72.4%
Dónde Están los Ladrones?
Ojos Así
70.4%
Laundry Service
Underneath Your Clothes
70.4%
Dónde Están los Ladrones?
¿Dónde Están los Ladrones?
69.7%
Other songs by Shakira
Try Everything
69.7%
Peligro
Peligro
68.4%
Laundry Service
Objection (Tango)
68.4%
Laundry Service
Suerte (Whenever Wherever)
68.4%
Fijación Oral, Vol. 1
No
68.4%
She Wolf
Loba
66.4%
Shakira
Empire
65.1%
Laundry Service
The One
64.5%
Dónde Están los Ladrones?
Tú
63.8%
She Wolf
Did it Again
63.8%
She Wolf
Gypsy
63.2%
Oral Fixation, Vol. 2
Don't Bother
62.5%
Oral Fixation, Vol. 2
Illegal
61.8%
Shakira
La La La
61.8%
She Wolf
Give it Up to Me
61.2%
Laundry Service
Poem to a Horse
60.5%
Sale el Sol
Addicted to You
60.5%
Collaborations
La Bicicleta
59.9%
Laundry Service
Te Dejo Madrid
59.2%
Laundry Service
Te Aviso, Te Anuncio (Objection)
59.2%
Shakira
Medicine
59.2%
Laundry Service
Eyes Like Yours (Ojos Así)
58.6%
Pies Descalzos
Estoy Aquí
57.2%
Shakira
Dare (La La La)
57.2%
Laundry Service
Fool
56.6%
Laundry Service
Rules
55.9%
Shakira
Spotlight
55.9%
Shakira
23
54.6%
Oral Fixation, Vol. 2
The Day and the Time
53.9%
She Wolf
Men in This Town
53.9%
Album
Song
% Correct
Laundry Service
Que Me Quedes Tú
53.3%
Oral Fixation, Vol. 2
How Do You Do
52.6%
Oral Fixation, Vol. 2
Timor
51.3%
Sale el Sol
Gordita
51.3%
Dónde Están los Ladrones?
Ciega, Sordomuda
50.7%
Laundry Service
Ready for the Good Times
50.7%
Oral Fixation, Vol. 2
Costume Makes the Clown
50.7%
Oral Fixation, Vol. 2
Something
50%
Shakira
Cut Me Deep
50%
Dónde Están los Ladrones?
Inevitable
49.3%
Oral Fixation, Vol. 2
Animal City
49.3%
Fijación Oral, Vol. 1
Día de Enero
48.7%
Shakira
You Don't Care About Me
48%
Collaborations
Get it Started
47.7%
Pies Descalzos
Antología
47.4%
She Wolf
Why Wait
47.4%
Dónde Están los Ladrones?
Si Te Vas
46.7%
Fijación Oral, Vol. 1
La Pared
46.7%
Dónde Están los Ladrones?
Moscas en la Casa
46.1%
Oral Fixation, Vol. 2
Dreams for Plans
46.1%
Oral Fixation, Vol. 2
Hey You
46.1%
Pies Descalzos
¿Dónde Estás Corazón?
45.4%
Dónde Están los Ladrones?
No Creo
45.4%
Fijación Oral, Vol. 1
Las de la Intuición
44.7%
She Wolf
Mon Amour
44.7%
She Wolf
Lo Hecho Está Hecho
44.7%
She Wolf
Gitana (Gypsy)
44.7%
Oral Fixation, Vol. 2
Your Embrace
44.1%
Shakira
Broken Record
44.1%
Pies Descalzos
Un Poco de Amor
43.4%
She Wolf
Spy
42.8%
Sale el Sol
Antes de las Seis
42.8%
She Wolf
Años Luz
42.1%
Fijación Oral, Vol. 1
Día Especial
41.4%
Shakira
Nunca Me Acuerdo de Olvidarte
41.4%
Shakira
Loca Por Ti
40.8%
Pies Descalzos
Quiero
40.1%
Shakira
The One Thing
40.1%
Sale el Sol
Islands
39.5%
Dónde Están los Ladrones?
Octavo Día
38.8%
She Wolf
Long Time
38.8%
She Wolf
Good Stuff
38.2%
Pies Descalzos
Se Quiere, Se Mata
37.5%
Sale el Sol
Mariposas
37.5%
Shakira
Chasing Shadows
37.5%
Sale el Sol
Devoción
36.8%
Pies Descalzos
Pienso en Ti
36.2%
Album
Song
% Correct
Sale el Sol
Tu Boca
36.2%
Fijación Oral, Vol. 1
En Tus Pupilas
35.5%
Pies Descalzos
Vuelve
34.9%
Dónde Están los Ladrones?
Que Vuelvas
34.2%
Dónde Están los Ladrones?
Sombra de Ti
33.6%
Fijación Oral, Vol. 1
Escondite Inglés
33.6%
Sale el Sol
Lo Que Más
33.6%
Other songs by Shakira
Hay Amores
32.9%
Pies Descalzos
Te Necesito
32.2%
Collaborations
King and Queen
32.2%
Pies Descalzos
Te Espero Sentada
31.6%
Peligro
Eres
29.6%
Fijación Oral, Vol. 1
Lo Imprescindible
28.9%
Oral Fixation, Vol. 2
Sera Sera (Hips Don't Lie)
28.9%
Magia
Sueños
27%
Fijación Oral, Vol. 1
Obtener un Sí
27%
Other songs by Shakira
Despedida
27%
Peligro
1968
25.7%
Collaborations
Te Lo Agradezco, Pero No
25.7%
Shakira
Boig Per Tu
25%
Shakira
That Way
24.3%
Magia
Gafas Oscuras
23%
Peligro
Brujería
23%
Magia
Esta Noche Voy Contigo
21.7%
Collaborations
I'll Stand by You
21.1%
Collaborations
Si Tú No Vuelves
21.1%
Collaborations
Higher Ground
20.4%
Collaborations
La Maza
19.1%
Collaborations
Todos Juntos
18.4%
Magia
Lejos de Tu Amor
17.8%
Peligro
Tú Serás la Historia de Mi Vida
17.8%
Magia
Necesito de Ti
16.4%
Magia
Cazador de Amor
15.8%
Other songs by Shakira
Pide Más
15.8%
Other songs by Shakira
Pídeme el Sol
13.2%
Peligro
Último Momento
11.8%
Peligro
Quince Años
11.8%
Peligro
Controlas Mi Destino
11.2%
Peligro
Este Amor es lo Más Bello del Mundo
11.2%
Other songs by Shakira
Amor (Celos de Ti)
11.2%
Other songs by Shakira
Knock on My Door
11.2%
Magia
Cuentas Conmigo
9.9%
Peligro
Eterno Amor
7.9%
Collaborations
Gracias a la Vida
4.6%
Other songs by Shakira
Always on My Mind
2%
Quiz Playlist
Details
Report
Send in Message
Add To Playlist
Classic:
Type in answers that appear in a list
Last Updated: Feb 16, 2017
Quiz Scoreboard
CHALLENGE
Sign Up to Join the Scoreboard
Show All
Scores
Hide
Comments
May contain spoilers
Recently Published
Popular People in 1961
by mucciniale
History
6m
1-10 Letter E Words III
by El_Dandy
Language
2m
One Thing in Common: World Cities II
by knightlancer
Geography
7m
More to Explore
Quiz From the Vault
Featured Blog Post
Where Did the Easter Bunny Come From?
hide this ad
You Might Also Like...
Tags
Song Quiz
shakira
Today's Top Quizzes in Music
Browse Music
hide this ad
Today's Top Quizzes in Song
Browse Song
Top Contributed Quizzes in Music
1
Taylor Swift All Songs (2024)
2
2010s Album by Cover III
3
Taylor Swift Logic Puzzle
4
One Thing in Common: Music
5
Guess the Artist- 70s Songs
6
Guess the Taylor Swift song (Mystery Song)
7
2010s Album by Cover V
8
2010s Album by Cover IV
9
Lana Del Rey Discography (BTD to DYKTTATUOB)
10
KPOP LOGIC QUIZ
Explore More
Trending Topics
Kpop
Marvel
Crossword
Disney
Harry Potter
Anime
NBA
The Office
Pokémon
Soccer
Puzzle
Country
NFL
WWE
Song
hide this ad
More By:
cinnabun
Quiz
Plays
Rating
Category
Featured
Created
Young Adult Series Match Up
2,525
4.27
Literature
Nov 15, 2016
Throne of Glass Characters
1,543
4.00
Literature
Oct 7, 2016
NCIS characters
814
2.25
Television
Oct 1, 2016
Ariana Grande collaborations
717
4.00
Music
Sep 29, 2016
Beyoncé songs by opening lyrics
556
Music
Oct 1, 2016
Go to Creator's Profile
Score Distribution
Quiz Creator Spotlight
cinnabun
Follow
Send a Message
Quizzes Created
-
Created Quiz Play Count
-
More By This Creator
Popular Quizzes Today
1
Find the US States - No Outlines Minefield
2
The Countries of the World
3
Find the Countries of Europe - No Outlines Minefield
4
Popular People in 1961
5
1-10 Letter E Words III
6
Find the US States
7
One Thing in Common: World Cities II
8
US States
More Music Quizzes
'Rolling in the Deep' Lyrics
Published
Trending Quizzes
Risky Map Clicking: Least Populous States A-Z
1-10 Letter F Words
1-10 Letter G Words
One Thing in Common: United Kingdom
Risky Map Clicking: Next State Alphabetically
Recently Updated
Leaping Animals
pecheneg
Reality TV Shows (A-Z)
bhenderson79
Rickey Henderson's Hall of Fame Teammates
pecheneg
Champions League XIs: Arsenal
pecheneg
Quick Pick: Celebrities in WWE's Hall of Fame
aduchscher
A-Z Keypad Blitz II
pecheneg
Multiple Oscar Actors
pecheneg
Mystery Phrase Blitz: Oscar 'Best Actors'
pecheneg
F. Scott Fitzgerald Novels
LTH
Pick 3 Villains
ddd62291
Trending Topics
Disney
Anime
Marvel
Harry Potter
Crossword
Kpop
NBA
Song
Soccer
Pokémon
NFL
The Office
WWE
Puzzle
Country
Your Account Isn't Verified!
In order to create a playlist on Sporcle, you need to verify the email address you used during registration. Go to your
Sporcle Settings
to finish the process.
Report this User
Report this user for behavior that violates our
Community Guidelines
.
Details:
Send Report
Go to the Sporcle.com Mobile Site →
Comments